=LDR 00000nam 2200000 4500 =001 INLIS000000000004121 =005 20130612092414 =008 ***********************************Ind** =035 ##$$0010-061300000004121 =041 ##$$a Ind =082 ##$$a 510.076 =090 ##$$a 510.076, Pra e =100 ##$$a Prayanto, Wiwin =245 ##$$a Evaluasi matematika kelas 2 SMP, Wiwin Prayanto =260 ##$$a 1991 $b Kalaten =300 ##$$a iii, 144 hlm, ilus, 21 cm =650 ##$$a Matematika =650 ##$$a Evaluasi =850 ##$$a NBPNMAT